000 00515nam a2200169Ia 4500
008 180921t2021 xxu||||| |||| 00| 1 sin d
041 _asin
080 _aX8සි31
_bසිරිතු
100 _aසිරිතුංග, අචලා සුභාෂිණී
245 _aහිස්
246 _aHis
260 _bසූරිය ප්‍රකාශකයෝ
_aකොළඹ
_c2021
300 _aපි.304, සෙ.මි.21
942 _cBK
999 _c9309
_d9309
003 LK-CoDNM
040 _aLK-CoDNM
_dLK-CoDNM
_eLK-CoDNM